| 000 | 00602nam a2200229 b 4500 | ||
|---|---|---|---|
| 005 | 20231012142119.0 | ||
| 008 | 070302s2006 sp | ||| ||spa | ||
| 020 | _a8423424839 | ||
| 041 | 1 | _aspa | |
| 082 | _a658.049 S741r | ||
| 100 | 1 |
_aSpector, Robert _911544 |
|
| 245 | 1 | 0 | _aEl rápido crecimiento de amazon.com |
| 260 |
_aEspaña _bDeusto _c2007 |
||
| 300 | _a288 páginas | ||
| 440 | 0 |
_aGrandes Casos Empresariales _911537 |
|
| 650 | 7 | _aComercio electrónico | |
| 650 | 7 | _aESTUDIO DE CASOS | |
| 650 | 7 | _aSERVICIO AL CLIENTE | |
| 650 | 7 | _aVENTAS | |
| 650 | 7 | _aINTERNET | |
| 942 |
_cLIT _2ddc |
||
| 999 |
_c8286 _d8286 |
||